000 00313nam a2200121 a 4500
001 4136
005 20140414131921.0
008 090217s19uu xx 00 eng d
050 _aER
_bM99 2000
245 _aMy first letter words activity book.
260 _aLondon :
_bDorling Kindersley,
_c2000.
999 _c111772
_d111772